000 00650nam a2200181 i 4500
001 80552
003 ES-MaACL
005 20230906174236.0
007 t|
008 041028s1933 sp ||||1| spa d
245 0 0 _aHomenaje al insigne poeta Don José Zorrilla.
260 _aMadrid :
_b[s.n.,
_c1933] (
_fVillarroya)
300 _c23 cm.
505 8 _aContiene: Valladolid y su provincia : glosa histórico-artística / por Francisco Mendizábal . Poetas vallisoletanos ; Museo de Bellas Artes / por Juan Agapito y Revilla
700 0 _aMendizábal, Francisco.
_980210
700 1 _aAgapito y Revilla, Juan.
_918533
852 _aES-MaACL
_j1777-F-8
999 _c80552
_d80552